Rožňava námestie : socha Francišky
Zobrazenie: Biely pás po pravej strane a pohľad na strážnu vežu so sochou a stromami pred ňou
| Format: | Photo |
|---|---|
| Language: | Slovak Hungarian |
| Published: |
[Rožňava?]
[vydavateľ neznámy]
[medzi 1905 a 1945?]
|
| Subjects: |
MARC
| LEADER | 00000nkm a2200000 a 4500 | ||
|---|---|---|---|
| 001 | vtls011878022 | ||
| 003 | SK-MaSNL | ||
| 005 | 20260301054105.0 | ||
| 007 | kf ao | ||
| 008 | 230706q1905 xo g kuslo | ||
| 015 | |a SNBG | ||
| 035 | |a urn:nbn:sk:snk-km00dtb9 | ||
| 035 | |a urn:nbn:sk:snk-km3lup4 | ||
| 035 | |a BF4C6983-2A09-45F6-8A8A-6E512B38D994 | ||
| 040 | |a SNK |b slo |c SNK |e AACR2 | ||
| 041 | 0 | |a slo |a hun | |
| 043 | |a e-xo--- | ||
| 044 | |a xo |c SK | ||
| 072 | 7 | |a 913 |x Regionálna geografia |2 konspekt | |
| 080 | |a 913(437.6) |2 2011 | ||
| 080 | |a (084.121) |2 2011 | ||
| 080 | |a 711.61 |2 2011 | ||
| 080 | |a 725.945 |2 2011 | ||
| 080 | |a 725/726.012.28 |2 2011 | ||
| 245 | 0 | 0 | |a Rožňava |h grafika |b námestie : socha Francišky |
| 246 | 3 | 1 | |a Rozsnyó |b Fő tér : Franciska szoborral |
| 260 | |a [Rožňava?] |b [vydavateľ neznámy] |c [medzi 1905 a 1945?] | ||
| 300 | |a 1 pohľadnica |b tónovaná do hneda |c 9 x 14 cm | ||
| 500 | |a Názvové údaje prevzaté z obrazovej strany pohľadnice | ||
| 520 | 8 | |a Zobrazenie: Biely pás po pravej strane a pohľad na strážnu vežu so sochou a stromami pred ňou | |
| 546 | |a Súbežný názov v maďarčine | ||
| 650 | 0 | 7 | |a námestia |2 SNKPH |9 26291 |
| 650 | 0 | 7 | |a pomníky |2 SNKPH |9 3013 |
| 650 | 0 | 7 | |a mestské veže |2 SNKPH |9 173826 |
| 651 | 7 | |a Rožňava (Slovensko) |2 SNKPHgeo |9 17394 | |
| 655 | 7 | |a miestne pohľadnice |2 SNKPH |9 70510 | |
| 852 | |a Slovenská národná knižnica | ||
| 958 | |a ONDV | ||
| 958 | |a GBN | ||
| 958 | |a GC | ||
| 999 | |c 610021 |d 611951 | ||
| 952 | |a SNK |b SNK |y PREZ |7 0 |p 17A1293187 |o snkSP 137108 |0 0 |1 0 |4 0 |d 2019-07-19 |f 1 |l 0 |r 2026-02-23 16:20:35 |w 2026-02-23 | ||


